[Event "Cappelle op 30th"]
[Site "Cappelle la Grande"]
[Date "2014.03.05"]
[Round "6"]
[White "Hias, Ludovic"]
[Black "Alexieva, Silvia"]
[Result "0-1"]
[WhiteElo "1997"]
[BlackElo "2260"]
[PlyCount "90"]
[EventDate "2014.03.01"]
[EventType "swiss"]
[EventRounds "9"]
[EventCountry "FRA"]
[SourceTitle "CBM 159 Extra"]
[Source "ChessBase"]
[SourceDate "2014.04.24"]
[SourceVersion "1"]
[SourceVersionDate "2014.04.24"]
[SourceQuality "1"]

1. d4 Nf6 2. Nf3 e6 3. Bg5 c5 4. e3 Be7 5. Bd3 b6 6. Nbd2 Bb7 7. c3 cxd4 8. exd4 0-0 9. Qe2 Nd5 10. Be3 f5 11. Nf1 a6 12. Bd2 b5 13. Ng3 Nc6 14. 0-0 Qc7 15. a4 Na5 16. axb5 Nb3 17. b6 Qxb6 18. Rae1 Nxd2 19. Qxd2 Bd6 20. Ne5 Qc7 21. Nh5 Nf6 22. Qg5 Nxh5 23. Qxh5 Rf6 24. f3 Qd8 25. Qg5 Bc7 26. Bb1 a5 27. Qh4 Qe8 28. g4 Rh6 29. Qg5 d6 30. Nc4 Ba6 31. Ne3 Bd8 32. Qf4 Bxf1 33. Nxf5 Rf6 34. Qe4 d5 35. Ne7+ Qxe7 36. Qxh7+ Kf7 37. g5 Bc4 38. Qh5+ g6 39. Qh7+ Ke8 40. Qxe7+ Kxe7 41. gxf6+ Kxf6 42. Kf2 Rb8 43. h4 Rxb2+ 44. Ke3 a4 45. Bd3 a3 0-1